000 01150aam a2200421a 44500
008 930106s1991 cat
017 _aB-12393-1991
020 _a8477392234
041 _acat
041 _beng
041 _bfre
041 _bspa
080 _a796.386(038)
110 _aTERMCAT
_960609
245 _aDiccionari de tennis de taula
_cTERMCAT, Centre de Terminologia
260 _aBarcelona
_bEnciclopèdia Catalana
_c1991
300 _a77 p.
_c20 cm.
490 _aDiccionaris dels Esports Olímpics;
_v7
500 _aBibliografia: p. 75-77. Indexs castellà, francès i anglès
500 _aCategoria gramatical, arbre de camp
500 _btermcat
520 _a341
546 _acatalà
591 _a2972
592 _aObra terminològica
593 _aVLC
594 _a2972
650 _atennis de taula
_960749
830 _aDiccionaris dels Esports Olímpics;
_v7
_966809
901 _c<1991>
902 _a930106
942 _cMO
_n0
_2ddc
999 _c55604
_d55604